Cities of the Balkans - Map Quiz - Statistics

General Stats
  • This quiz has been taken 174 times
  • The average score is 14 of 20
Answers on the Map
Answers color-coded by a green-red scale on the quiz's map according to % correct below.
 
Answer Stats
Answer % Correct
Sofia
84%
Skopje
83%
Belgrade
82%
Istanbul
82%
Athens
80%
Podgorica
80%
Pristina
80%
Thessaloniki
79%
Tirana
79%
Sarajevo
78%
Zagreb
74%
Split
70%
Constanța
66%
Patras
63%
Durrës
60%
Trieste
59%
Banja Luka
54%
Mostar
50%
Zadar
46%
Koper
39%
No matching quizzes found
Score Distribution
Percent of People with Each Score
Percentile by Number Answered
Your Score History
You have not taken this quiz